Guía para el reconocimiento y manejo de insectos en pasturas /

Guardado en:
Autor Principal: Alzugaray, Rosario
Formato: Libro
Publicado: Uruguay : Inia, 1991
Materias:
Etiquetas: Agregar Etiqueta
Sin Etiquetas, Sea el primero en etiquetar este registro!
LEADER 00600nam a22002175a 4500
001 CEM.cems016699
005 20130923164436.0
008 130507s1991##################000#0#####d
003 CEMS
020 |a 9974556043 
082 0 4 |a 632 
100 1 |a Alzugaray, Rosario 
245 1 0 |a Guía para el reconocimiento y manejo de insectos en pasturas /  |c Rosario Alzugaray, 
260 |a Uruguay :  |b Inia,  |c 1991 
300 |a 19 p. 
653 |a Pasturas-insectos 
653 |a Insectos 
653 |a Isocas 
653 |a Gorgojos 
653 |a Pulgón 
859 |a CEMS  |b BIB. CEMS - Agricultura  |h 632  |i Al99  |p A18238.95  |t Ej.1